Sex education /

保存先:
書誌詳細
第一著者: Bibby, Cyril, 1914-
フォーマット: 図書
言語:English
出版事項: Lond. : Macmillan, 1948.
版:2nd ed.
主題:
LEADER 00767nam a22002171a 4500
001 c000115831
003 CARM
005 20001123112250.0
008 851029s1948 enk 0 eng d
019 1 |a 4024855  |5 LACONCORD2021 
035 |a (OCoLC)8943009  |5 LACONCORD2021 
040 |a NUN  |b eng  |c NUN  |d VDU 
082 0 4 |a 613.95 
100 1 |a Bibby, Cyril,  |d 1914- 
245 1 0 |a Sex education /  |c a guide for parents, teachers and youth leaders. 
250 |a 2nd ed. 
260 |a Lond. :  |b Macmillan,  |c 1948. 
650 0 |a Sex instruction. 
852 8 |b CARM  |h A2:AH15H0  |i A02727  |p 0080064  |f BK 
999 f f |i 4aae9129-f205-56d1-95ae-b15753de67ae  |s a9685080-1069-5ffd-bded-46eb8ce21a1b 
952 f f |p Can circulate  |a CAVAL  |b CAVAL  |c CAVAL  |d CARM 1 Store  |e A02727  |f A2:AH15H0  |h Other scheme  |i book  |m 0080064